[Event "Sparkassen Open A"]
[Site "Dortmund GER"]
[Date "2011.07.31"]
[Round "9.2"]
[White "Richters, Marc"]
[Black "De Schampheleire, Glen"]
[Result "0-1"]
[BlackTitle "FM"]
[WhiteElo "1969"]
[BlackElo "2263"]
[WhiteFideId "24612332"]
[BlackFideId "208701"]
[EventDate "2011.07.23"]

1. e4 c5 2. c3 d5 3. exd5 Qxd5 4. d4 g6 5. Nf3 Bg7 6. Be2 cxd4 7. cxd4 Nf6 8.
Nc3 Qa5 9. O-O O-O 10. Bf4 Rd8 11. Qb3 Nd5 12. Be5 Nxc3 13. bxc3 Nc6 14. Bxg7
Kxg7 15. Rfe1 Qc7 16. Rad1 Na5 17. Qb5 Be6 18. Qg5 Bxa2 19. Ra1 Rd5 20. Qe3 Bc4
21. Bxc4 Nxc4 22. Qxe7 Rd7 23. Qh4 a5 24. Ng5 h6 25. Ne4 Qd8 26. Qf4 b6 27. Qf3
Rc8 28. Re2 Rdc7 29. Qf4 Rc6 30. Rd1 Nd6 31. Nxd6 Qxd6 32. Qxd6 Rxd6 33. Re3
Rdc6 34. Rdd3 a4 35. Kf1 a3 36. c4 Rxc4 37. Rxa3 Rxd4 38. Rab3 Rc1+ 39. Ke2 Rc2+
40. Ke1 Ra4 41. Ra3 Rxa3 42. Rxa3 Rb2 43. h3 b5 44. Ra6 g5 45. g3 f6 46. Kf1 Kg6
47. Kg2 Kf5 48. Kf3 Rb3+ 49. Ke2 h5 50. f3 h4 51. gxh4 gxh4 52. Rc6 Ke5 53. Rc8
Kf4 54. Rh8 Rb2+ 55. Kd3 Kg3 56. Rh6 f5 0-1

[Event "Sparkassen Open A"]
[Site "Dortmund GER"]
[Date "2011.07.31"]
[Round "9.3"]
[White "Bomans, Arno"]
[Black "Sundorf, Jannik"]
[Result "1/2-1/2"]
[WhiteElo "2198"]
[BlackElo "2121"]
[WhiteFideId "206024"]
[BlackFideId "12905380"]
[EventDate "2011.07.23"]

1. d4 Nf6 2. c4 e6 3. Nc3 Bb4 4. Qc2 O-O 5. a3 Bxc3+ 6. Qxc3 d5 7. Nf3 dxc4 8.
Qxc4 b6 9. Bg5 Ba6 10. Qc2 Nbd7 11. Rd1 Qc8 12. e3 Bxf1 13. Kxf1 c5 14. Bxf6
Nxf6 15. dxc5 Qxc5 16. Qxc5 bxc5 17. Ne5 Rab8 18. Nc4 Nd5 19. Ke2 Nb6 20. Nxb6
axb6 21. Rd7 b5 22. Rc7 Rfc8 23. Rxc8+ Rxc8 24. Rd1 Kf8 25. Rd7 b4 26. axb4 cxb4
27. Kd1 b3 28. Rd3 Rc2 29. Rd2 Rc7 30. Rd3 Rc2 1/2-1/2

[Event "Sparkassen Open A"]
[Site "Dortmund GER"]
[Date "2011.07.31"]
[Round "9.4"]
[White "Ciornei, Dragos"]
[Black "Steinmetzer, Thomas"]
[Result "1/2-1/2"]
[WhiteElo "2182"]
[BlackElo "2083"]
[WhiteFideId "4619200"]
[BlackFideId "4689690"]
[EventDate "2011.07.23"]

1. e4 e5 2. Nf3 Nc6 3. d4 exd4 4. Bc4 Nf6 5. O-O Nxe4 6. Re1 d5 7. Bxd5 Qxd5 8.
Nc3 Qh5 9. Nxe4 Be6 10. Bg5 Bd6 11. Nxd6+ cxd6 12. Bf4 O-O 13. Nxd4 Qxd1 14.
Raxd1 Nxd4 15. Rxd4 Rfc8 16. c3 d5 17. a4 Rc4 18. Rxc4 dxc4 19. Rd1 Kf8 20. a5
Ke8 21. Be3 Rd8 22. Rxd8+ Kxd8 23. Bxa7 Kd7 24. Bc5 Kc6 25. Bf8 g6 26. f3 h5 27.
Kf2 Kb5 28. Kg3 Kc6 29. Kh4 Bd5 30. Kg5 Kd7 31. Kf4 Ke6 32. h4 Bc6 33. Ke3 Kd5
34. Bg7 Ba4 35. Kf4 Bd1 36. Bf8 Be2 37. g4 Bd1 38. gxh5 gxh5 39. Kg5 Bxf3 40.
Kf6 Kc6 1/2-1/2

[Event "Sparkassen Open A"]
[Site "Dortmund GER"]
[Date "2011.07.31"]
[Round "9.5"]
[White "Savchenko, Aleksij"]
[Black "Kartsev, Soel"]
[Result "1/2-1/2"]
[WhiteElo "2257"]
[BlackElo "2182"]
[WhiteFideId "24611727"]
[BlackFideId "4130561"]
[EventDate "2011.07.23"]

1. e4 c6 2. d4 d5 3. Nc3 g6 4. e5 Bg7 5. h4 h5 6. Nh3 Bg4 7. Be2 Bxe2 8. Qxe2 e6
9. Bg5 Qb6 10. O-O-O Nh6 11. f3 Nf5 12. Qd2 c5 13. dxc5 Qxc5 14. Ne4 Qc7 15.
Nf6+ Bxf6 16. Bxf6 Rg8 17. g4 hxg4 18. fxg4 Ng3 19. Ng5 Nxh1 20. Ne4 Ng3 21.
Nd6+ Kd7 22. Qg2 Na6 23. Qxg3 Rac8 24. Nxc8 Rxc8 25. Qb3 Nc5 26. Qb5+ Qc6 27.
Qxc6+ bxc6 28. h5 Ne4 29. Bg7 gxh5 30. gxh5 Ng3 31. h6 Nh5 32. Rg1 Ke7 33. h7
Nxg7 34. Rxg7 Rh8 35. Rg8 Rxh7 36. Ra8 c5 37. Rxa7+ Ke8 38. b3 Rh5 39. a4 Rxe5
40. a5 Kd8 41. Rxf7 Kc8 42. Kd2 Rh5 43. a6 Kb8 44. Rd7 Rh2+ 45. Kd3 Rh3+ 46. Kd2 1/2-1/2

[Event "Sparkassen Open A"]
[Site "Dortmund GER"]
[Date "2011.07.31"]
[Round "9.6"]
[White "Albers, Damian"]
[Black "Kartsev, Alexandr"]
[Result "1-0"]
[WhiteElo "2091"]
[BlackElo "2196"]
[WhiteFideId "4695186"]
[BlackFideId "24647110"]
[EventDate "2011.07.23"]

1. e4 c6 2. Ne2 g6 3. g3 Bg7 4. Bg2 d5 5. exd5 cxd5 6. d4 Nf6 7. Nbc3 Bf5 8. h3
Ne4 9. g4 Nxc3 10. bxc3 Bc8 11. Nf4 e6 12. Ba3 Qc7 13. Qf3 Nc6 14. O-O Bd7 15.
Nxd5 exd5 16. Rfe1+ Be6 17. Qxd5 Qd7 18. Qxd7+ Kxd7 19. d5 Bxd5 20. Rad1 Rae8
21. Rxe8 Rxe8 22. c4 Nd4 23. Bxd5 Kc7 24. Bxf7 Re2 25. Bc5 Nf3+ 26. Kg2 Nh4+ 27.
Kf1 Rxc2 28. Bd6+ Kb6 29. c5+ Ka6 30. Bd5 g5 31. Rb1 Bd4 32. Bxb7+ Ka5 33. Bg3
Bxc5 34. Be4 Rxa2 35. Bxh7 Nf3 36. Kg2 Nd2 37. Re1 Kb4 38. Re2 a5 39. Bg8 Rb2
40. Be5 Rc2 41. Bh7 Ra2 42. Bb1 Nxb1 43. Rxa2 Na3 44. Rb2+ Kc4 45. h4 Kd5 46.
Re2 Nc4 47. Bc3 Bb4 48. Bxb4 axb4 49. hxg5 Ne5 50. f4 Nd3 51. Rd2 Ke4 52. Rxd3 1-0

[Event "Sparkassen Open A"]
[Site "Dortmund GER"]
[Date "2011.07.31"]
[Round "9.7"]
[White "Kuznetsov, Mark"]
[Black "Mundorf, Johannes"]
[Result "1/2-1/2"]
[WhiteElo "2184"]
[BlackElo "2024"]
[WhiteFideId "24648019"]
[BlackFideId "24672491"]
[EventDate "2011.07.23"]

1. e4 c5 2. Nf3 a6 3. d4 cxd4 4. Nxd4 Nf6 5. Nc3 e5 6. Nf3 Bb4 7. Bd2 O-O 8. Bd3
d6 9. O-O Bg4 10. a3 Bc5 11. h3 Bh5 12. Bg5 h6 13. Bxf6 Qxf6 14. Nd5 Qd8 15. b4
Ba7 16. a4 Nd7 17. Ra3 Nf6 18. Nxf6+ Qxf6 19. Bc4 Rac8 20. Qd5 Rc7 21. Rd3 Rfc8
22. Bb3 Rc6 23. a5 Qe7 24. Re1 Bb8 25. Red1 g5 26. g4 Bg6 27. Ne1 Kg7 28. Rf3 f6
29. Ng2 Bf7 30. Qxf7+ Qxf7 31. Bxf7 Kxf7 32. Ne3 Ke6 33. Rd3 Rf8 34. Kf1 Bc7 35.
c3 Bd8 36. Nf5 Rh8 37. Rd5 b5 38. axb6 Bxb6 39. Rfd3 Bc7 40. Kg2 Rh7 41. Kf1 Kd7
42. Ng3 Rh8 43. Ke2 Ra8 44. Nf5 Rh8 45. Ng3 Ra8 46. Nh5 Ke6 47. Rf3 Rf8 48. Kd3
Bd8 49. Ng7+ Kd7 50. Kc2 Rg8 51. Nf5 Rh8 52. Rfd3 Bc7 53. Ng3 Bb6 54. Rf3 Rhc8
55. Kb2 Ke6 56. Nh5 Rf8 57. Kb3 Rf7 58. Ng3 Rfc7 59. Nf5 Rh7 60. Rfd3 Bc7 61. c4
Bb8 62. c5 dxc5 63. Rxc5 Rb6 64. Rdc3 1/2-1/2

[Event "Sparkassen Open A"]
[Site "Dortmund GER"]
[Date "2011.07.31"]
[Round "9.9"]
[White "Boehm, Juergen2"]
[Black "Aulich, Marcell"]
[Result "1-0"]
[WhiteElo "2220"]
[BlackElo "2086"]
[WhiteFideId "4606434"]
[BlackFideId "24631981"]
[EventDate "2011.07.23"]

1. d4 d5 2. c4 c6 3. Nf3 Nf6 4. Nc3 e6 5. Bg5 h6 6. Bh4 g5 7. Bg3 dxc4 8. e4 b5
9. Be2 Bb7 10. O-O a6 11. Ne5 Nbd7 12. f4 b4 13. fxg5 hxg5 14. Nxd7 Nxd7 15. Na4
Bg7 16. Bd6 Nb6 17. Nxb6 Qxd6 18. e5 Bxe5 19. dxe5 Qc5+ 20. Kh1 Qxb6 21. Rxf7
Qd8 22. Qxd8+ Rxd8 23. Rxb7 c3 24. bxc3 bxc3 25. Rb3 c2 26. Bd3 O-O 27. Bxc2 Rf2
28. Bd3 Rd5 29. Kg1 Rd2 30. Bxa6 Rxe5 31. a4 Ra5 32. Bf1 Rd4 33. Rc3 Raxa4 34.
Rxa4 Rxa4 35. Rc5 Kf7 36. Rxg5 Ke7 37. Be2 Kd6 38. Rg4 Ra1+ 39. Kf2 c5 40. Kf3
Kd5 41. Bc4+ 1-0

[Event "Sparkassen Open A"]
[Site "Dortmund GER"]
[Date "2011.07.31"]
[Round "9.10"]
[White "Virnyi, Julius"]
[Black "Quast, Marcel"]
[Result "0-1"]
[WhiteElo "2081"]
[BlackElo "2173"]
[WhiteFideId "24650919"]
[BlackFideId "24663476"]
[EventDate "2011.07.23"]

1. d4 f5 2. e4 fxe4 3. Nc3 Nf6 4. Bg5 Nc6 5. d5 Ne5 6. Qe2 c6 7. O-O-O cxd5 8.
Nxd5 e6 9. Nc3 Nf7 10. h4 Qa5 11. Kb1 Nxg5 12. hxg5 Qxg5 13. Nxe4 Nxe4 14. Qxe4
Qf5 15. Qd4 Qf6 16. Qe4 g6 17. Bd3 Bg7 18. c3 O-O 19. g4 d5 20. Qg2 b5 21. g5
Qf7 22. Qh2 Bh8 23. Nf3 b4 24. cxb4 a5 25. b5 Ra7 26. Rc1 Qg7 27. Rc2 e5 28. b6
Raf7 29. Nxe5 Qxe5 30. Bxg6 hxg6 31. f4 Qg7 32. Rc6 Bf5+ 33. Ka1 Be4 34. Rhc1 a4
35. a3 Rb7 36. Rc7 Qxb2+ 37. Qxb2 Bxb2+ 38. Kxb2 Rxb6+ 0-1

[Event "Sparkassen Open A"]
[Site "Dortmund GER"]
[Date "2011.07.31"]
[Round "9.12"]
[White "Koke, Christoph"]
[Black "Eigemann, Frederik"]
[Result "1/2-1/2"]
[WhiteElo "2131"]
[BlackElo "1976"]
[WhiteFideId "4693213"]
[BlackFideId "24692034"]
[EventDate "2011.07.23"]

1. d4 d5 2. c4 c6 3. Nf3 Nf6 4. e3 Bf5 5. Nc3 e6 6. Nh4 Bg6 7. Be2 Nbd7 8. O-O
dxc4 9. Bxc4 Bh5 10. Nf3 Bb4 11. Be2 O-O 12. a3 Bxc3 13. bxc3 c5 14. Qb3 Qc7 15.
a4 Rfc8 16. Ba3 cxd4 17. cxd4 Qc2 18. Qxc2 Rxc2 19. Bd1 Rc7 20. Bb3 Rc3 21. Rab1
Rac8 22. Rfc1 h6 23. Bb2 Rxc1+ 24. Rxc1 Rxc1+ 25. Bxc1 Kf8 26. Nd2 Nb8 27. Ba3+
Ke8 28. Nc4 Kd7 29. Ne5+ Kc7 30. f3 Nfd7 31. g4 Nxe5 32. dxe5 Bg6 33. Bf8 Nd7
34. Bxg7 h5 35. Kf2 Kb6 36. Ke2 Nc5 37. Bd1 Ka5 38. Kd2 Nxa4 39. Bc2 Kb5 40.
gxh5 Bxh5 41. f4 Nc5 42. h4 Bg6 1/2-1/2

[Event "Sparkassen Open A"]
[Site "Dortmund GER"]
[Date "2011.07.31"]
[Round "9.13"]
[White "Evers, Leo"]
[Black "Wittenberg, Andreas"]
[Result "0-1"]
[WhiteElo "2101"]
[BlackElo "2166"]
[WhiteFideId "4633490"]
[BlackFideId "24678155"]
[EventDate "2011.07.23"]

1. d4 e6 2. c4 Bb4+ 3. Bd2 a5 4. Nf3 d6 5. g3 Nc6 6. Bg2 e5 7. d5 Bxd2+ 8. Nfxd2
Nb8 9. Nc3 Na6 10. O-O Nc5 11. a3 a4 12. Nde4 Nxe4 13. Bxe4 Bh3 14. Bc2 Bxf1 15.
Bxa4+ Kf8 16. Qxf1 h5 17. Qh3 g6 18. b4 Kg7 19. Bc2 f5 20. e4 Qg5 21. f4 exf4
22. exf5 fxg3 23. Qxg3 Qxg3+ 24. hxg3 gxf5 25. Nb5 Kg6 26. Nxc7 Rc8 27. Nb5 Rxc4
28. Bxf5+ Kf6 29. Nxd6 Rd4 30. Re1 Rxd5 31. Re6+ Kg7 32. Be4 Rd1+ 33. Kg2 Nh6
34. Rg6+ Kf8 35. Rf6+ Kg7 36. Rg6+ Kf8 37. Nxb7 Ng4 38. Rc6 Rd2+ 39. Kf1 Ke7 40.
Rc7+ Kf6 41. Rc5 Rf2+ 42. Kg1 Re8 43. Nd6 Rd8 44. Bf5 Ra2 45. Ne4+ Ke7 46. Rc7+
Kf8 47. Bxg4 hxg4 48. Rc1 Rd4 49. Rf1+ Ke7 50. Re1 Kd7 51. b5 Rxa3 52. b6 Kc6
53. Rb1 Ra8 54. Nf6 Rb8 55. Kf2 Rxb6 56. Rxb6+ Kxb6 57. Ke3 Ra4 58. Ne4 Kc6 59.
Nc3 Rb4 60. Kd3 Kd6 61. Ne4+ Ke5 62. Nc3 Rb3 63. Kc2 Rxc3+ 0-1

[Event "Sparkassen Open A"]
[Site "Dortmund GER"]
[Date "2011.07.31"]
[Round "9.14"]
[White "Baumhackel, Mario"]
[Black "Hobusch, Jan"]
[Result "0-1"]
[WhiteElo "2157"]
[BlackElo "1934"]
[WhiteFideId "4636953"]
[BlackFideId "12907634"]
[EventDate "2011.07.23"]

1. d4 d5 2. Nf3 Nf6 3. e3 Bf5 4. c4 c6 5. Nc3 e6 6. Be2 Nbd7 7. O-O Bd6 8. b3
Ne4 9. Nxe4 dxe4 10. Nd2 h5 11. f4 g5 12. Bb2 Rg8 13. Kh1 gxf4 14. exf4 e3 15.
c5 Bxf4 16. Rxf4 Qg5 17. Qf1 exd2 18. Bc3 Nf6 19. Bxd2 O-O-O 20. Rd1 Qg6 21. Bf3
Ne4 22. Be3 Ng5 23. Be2 Be4 24. Bd3 f5 25. Rh4 Bxd3 26. Rxd3 Ne4 27. g3 e5 28.
dxe5 Rxd3 29. Qxd3 f4 30. Qc4 Nxg3+ 31. hxg3 Qxg3 32. Qe6+ Kb8 33. Qh3 Qe1+ 34.
Kh2 fxe3 0-1

[Event "Sparkassen Open A"]
[Site "Dortmund GER"]
[Date "2011.07.31"]
[Round "9.15"]
[White "Strathoff, Jens"]
[Black "Steinle, Carsten"]
[Result "1-0"]
[WhiteElo "2098"]
[BlackElo "2146"]
[WhiteFideId "4699084"]
[BlackFideId "24676462"]
[EventDate "2011.07.23"]

1. e4 e6 2. d4 d5 3. Nd2 Nf6 4. e5 Nfd7 5. c3 c5 6. Bd3 b6 7. f4 cxd4 8. cxd4
Ba6 9. Ndf3 Qc8 10. Ne2 Bxd3 11. Qxd3 Qa6 12. Qxa6 Nxa6 13. Bd2 Rc8 14. a3 Be7
15. Kf2 O-O 16. Rhc1 f6 17. Rxc8 Rxc8 18. Rc1 Rxc1 19. Nxc1 b5 20. Nd3 Nb6 21.
Ke2 Kf7 22. Nfe1 Nc4 23. Nc2 Kg6 24. g4 h6 25. Bb4 Nxb4 26. axb4 f5 27. b3 Nb6
28. h3 fxg4 29. hxg4 Na8 30. f5+ Kg5 31. Ne3 Nc7 32. Kf3 exf5 33. gxf5 Bf8 34.
Nf4 Bxb4 35. Ne6+ Nxe6 36. fxe6 a5 37. Nxd5 Bf8 38. Ke4 a4 39. bxa4 bxa4 40. Nc3
a3 41. d5 Bd6 42. exd6 Kf6 43. Kd3 g5 44. Kc2 1-0

[Event "Sparkassen Open A"]
[Site "Dortmund GER"]
[Date "2011.07.31"]
[Round "9.16"]
[White "Beutelhoff, Josef"]
[Black "Neuer, Thomas"]
[Result "0-1"]
[WhiteElo "2128"]
[BlackElo "2096"]
[WhiteFideId "4621336"]
[BlackFideId "24604089"]
[EventDate "2011.07.23"]

1. d4 e6 2. c4 Bb4+ 3. Nc3 c5 4. e3 Bxc3+ 5. bxc3 d6 6. f4 f5 7. Nf3 Nf6 8. Bd3
O-O 9. O-O Nc6 10. Qc2 g6 11. dxc5 dxc5 12. e4 b6 13. e5 Ne8 14. Be3 Ba6 15.
Rad1 Qc8 16. Bf2 Na5 17. Qe2 Ng7 18. Bh4 Qc6 19. Nd2 Qa4 20. Ra1 Rf7 21. Rfd1 h6
22. Rab1 Nh5 23. g3 Kh8 24. Kf2 Rg8 25. Ke3 Rd7 26. h3 Rf8 27. Rdc1 Kh7 28. Rb2
Rff7 29. Rf1 Rxd3+ 30. Qxd3 Rd7 31. Qc2 Nxc4+ 32. Nxc4 Qxc4 33. Rd1 Rxd1 34.
Qxd1 Qxc3+ 35. Kf2 Qxb2+ 36. Kg1 Qd4+ 0-1

[Event "Sparkassen Open A"]
[Site "Dortmund GER"]
[Date "2011.07.31"]
[Round "9.19"]
[White "Butschek, Marc"]
[Black "Bramkamp, Rainer"]
[Result "1-0"]
[WhiteElo "1891"]
[BlackElo "2115"]
[WhiteFideId "4630904"]
[BlackFideId "4667298"]
[EventDate "2011.07.23"]

1. e4 c6 2. c4 d5 3. cxd5 cxd5 4. exd5 Nf6 5. Nc3 Nxd5 6. d4 e6 7. Nf3 Nc6 8.
Bb5 Be7 9. O-O O-O 10. Be3 Nxc3 11. bxc3 a6 12. Ba4 b5 13. Bc2 Bb7 14. Rb1 Qc7
15. Ng5 Bxg5 16. Bxg5 f6 17. Qd3 g6 18. Bh6 Rfe8 19. Rfe1 Na5 20. Re3 f5 21. Qe2
Qc6 22. Rg3 Qd7 23. h4 Nc4 24. Bd3 e5 25. Bxc4+ bxc4 26. dxe5 Qf7 27. h5 Bd5 28.
hxg6 hxg6 29. Bf4 Re6 30. Rd1 Rd8 31. Qe3 Qc7 32. Rh3 Be4 33. Rxd8+ Qxd8 34. Kh2
Qb6 35. Qg3 Re7 36. Qh4 Rg7 37. Bg5 Kf7 38. Bd8 Qe6 39. Bf6 Rg8 40. Qh7+ Ke8 41.
Qc7 1-0

[Event "Sparkassen Open A"]
[Site "Dortmund GER"]
[Date "2011.07.31"]
[Round "9.20"]
[White "Schorra, Helmut"]
[Black "Weber, Martin"]
[Result "1-0"]
[WhiteElo "2110"]
[BlackElo "2033"]
[WhiteFideId "4648692"]
[BlackFideId "12901369"]
[EventDate "2011.07.23"]

1. d4 g6 2. e4 Bg7 3. c4 c5 4. Nf3 cxd4 5. Nxd4 Nc6 6. Be3 Qb6 7. Nb3 Qc7 8. Qd2
Nf6 9. Nc3 O-O 10. Be2 d6 11. f3 Ne5 12. Nb5 Qb8 13. N3d4 a6 14. Nc3 e6 15. O-O
Qc7 16. b3 Rd8 17. Rac1 b6 18. Rfd1 Bb7 19. Bf1 Rac8 20. Qf2 Ned7 21. b4 Rb8 22.
Nb3 Bf8 23. Nd5 exd5 24. cxd5 Nc5 25. bxc5 dxc5 26. Bg5 Bg7 27. Qh4 Qd6 28. Bf4 1-0

[Event "Sparkassen Open A"]
[Site "Dortmund GER"]
[Date "2011.07.31"]
[Round "9.21"]
[White "Zwielich, Frank"]
[Black "Mulder, Bart-Piet"]
[Result "0-1"]
[WhiteElo "2056"]
[BlackElo "2260"]
[WhiteFideId "12916846"]
[BlackFideId "1006070"]
[EventDate "2011.07.23"]

1. d4 d5 2. Nf3 Nf6 3. Bf4 e6 4. e3 Bd6 5. Bg3 c5 6. c3 Nc6 7. Nbd2 O-O 8. Bd3
b6 9. Ne5 Bb7 10. O-O Ne7 11. Qf3 Ng6 12. e4 cxd4 13. Nxg6 fxg6 14. e5 dxc3 15.
bxc3 Ne4 16. Qg4 Nxd2 17. Qxe6+ Kh8 18. Rfd1 Bc7 19. Rxd2 Re8 20. Qf7 Re7 21.
Qf3 Qe8 22. Rad1 Bxe5 23. Bxe5 Rxe5 24. c4 dxc4 25. Qxb7 cxd3 26. Kf1 Rd8 27.
Qxa7 Qb5 28. a4 Qb3 29. g3 Red5 30. Qa6 h6 31. Kg2 Rd4 32. a5 Qd5+ 33. f3 Qxa5
34. Qxa5 bxa5 35. Ra1 R4d5 36. Ra3 g5 37. Kf2 Kh7 38. Ke1 Kg6 39. Rda2 Re8+ 40.
Kd1 Re3 41. Rxa5 Rxa5 42. Rxa5 Rxf3 43. Rd5 h5 44. Ke1 h4 45. gxh4 gxh4 46. Kd2
Rh3 47. Ke1 Rxh2 48. Rxd3 Kh5 49. Kf1 g5 50. Kg1 Ra2 51. Rb3 Ra5 52. Kg2 g4 53.
Kh2 Ra2+ 54. Kg1 g3 55. Rb4 Rd2 56. Ra4 Rf2 57. Rb4 h3 58. Rb1 Kg4 59. Ra1 h2+
60. Kh1 Kh3 0-1

[Event "Sparkassen Open A"]
[Site "Dortmund GER"]
[Date "2011.07.31"]
[Round "9.22"]
[White "Pueschel, Werner"]
[Black "Meyer, Michael"]
[Result "1-0"]
[WhiteElo "2163"]
[BlackElo "2083"]
[WhiteFideId "4647025"]
[BlackFideId "12926744"]
[EventDate "2011.07.23"]

1. e4 e6 2. d3 c5 3. Nf3 Nc6 4. c3 d5 5. Qc2 Nf6 6. Be2 Be7 7. h3 Qc7 8. O-O O-O
9. Bg5 Re8 10. Nbd2 Nd7 11. Bxe7 Rxe7 12. Rfe1 a6 13. a3 b5 14. b4 cxb4 15. cxb4
dxe4 16. Nxe4 Qb6 17. Qb2 Bb7 18. Rac1 Rc8 19. d4 Rd8 20. Nc5 Nf6 21. Red1 Bc8
22. Bf1 Nb8 23. g3 Nbd7 24. Bg2 Nxc5 25. dxc5 Rxd1+ 26. Rxd1 Qc7 27. Qe5 Nd5 28.
Qxc7 Nxc7 29. Ne5 f6 30. Rd8+ Re8 31. Rxe8+ Nxe8 32. Nc6 Bd7 33. Nb8 Bc8 34. Bc6
Nc7 35. Nd7 Bxd7 36. Bxd7 Kf7 37. Bc8 e5 38. Kf1 Ke7 39. Ke2 Kd8 40. Bb7 g6 41.
f4 Ke7 42. fxe5 fxe5 43. Ke3 h6 44. Ke4 Kf6 45. Bc8 h5 46. g4 hxg4 47. hxg4 g5
48. Bd7 Ke7 49. Bf5 Kf6 50. Bc8 Ne6 51. Bxe6 Kxe6 52. c6 Kd6 53. c7 Kxc7 54.
Kxe5 Kc6 55. Ke6 Kc7 56. Kf5 Kd6 57. Kxg5 Kd5 58. Kh4 Kc4 59. g5 Kb3 60. g6 Kxa3
61. g7 Kxb4 62. g8=Q a5 63. Qg4+ Ka3 64. Qf5 Ka4 65. Qc2+ Kb4 66. Qb2+ Kc4 67.
Qa2+ Kb4 68. Kg3 a4 69. Kf2 Kc3 70. Qa3+ Kc4 71. Ke1 1-0

[Event "Sparkassen Open A"]
[Site "Dortmund GER"]
[Date "2011.07.31"]
[Round "9.23"]
[White "Zimmermann, Dirk"]
[Black "Kirsanova, Ekaterina"]
[Result "0-1"]
[BlackTitle "WFM"]
[WhiteElo "2075"]
[BlackElo "2157"]
[WhiteFideId "4677498"]
[BlackFideId "4168810"]
[EventDate "2011.07.23"]

1. e4 c5 2. c3 e5 3. Nf3 Nc6 4. Bb5 Qc7 5. O-O a6 6. Bxc6 dxc6 7. d4 cxd4 8.
cxd4 exd4 9. Qxd4 Nf6 10. Nc3 Be6 11. Bg5 Rd8 12. Qa4 Be7 13. Rac1 O-O 14. e5
Nd5 15. Qh4 Nxc3 16. Rxc3 Rfe8 17. Bf6 gxf6 18. exf6 Bxf6 19. Qxf6 Qe7 20. Qh6
Rd5 21. h4 Qf8 22. Qf4 Qd6 23. Qxd6 Rxd6 24. Re1 Red8 25. a3 h6 26. Rce3 Kg7 27.
Kh2 c5 28. Kg1 b5 29. Re5 c4 30. Kf1 Bg4 31. Nh2 Be6 32. Nf3 Kf6 33. R5e3 Rd4
34. b3 cxb3 35. Rxb3 Rd3 36. Rxd3 Rxd3 37. Ra1 Bd5 38. Ne1 Rd2 39. g4 Rd4 40.
g5+ hxg5 41. hxg5+ Kxg5 42. Rc1 Kf4 43. Rc3 Be4 44. Ng2+ Bxg2+ 45. Kxg2 Ke4 46.
Rc5 Rd5 47. Rc7 f5 48. Ra7 a5 49. Re7+ Kd4 50. f4 Kc4 51. Kf2 Rd2+ 52. Ke1 Rd4
53. Rc7+ Kd5 54. Rd7+ Ke4 55. Rb7 Rd5 0-1

[Event "Sparkassen Open A"]
[Site "Dortmund GER"]
[Date "2011.07.31"]
[Round "9.24"]
[White "Maniocha, Marek"]
[Black "Hillebrand, Carsten"]
[Result "0-1"]
[WhiteElo "2052"]
[BlackElo "2145"]
[WhiteFideId "4636821"]
[BlackFideId "12905950"]
[EventDate "2011.07.23"]

1. d4 Nf6 2. c4 g6 3. Nf3 Bg7 4. g3 O-O 5. Bg2 d6 6. O-O a6 7. Nc3 Nc6 8. d5 Na5
9. Qd3 c5 10. e4 Bd7 11. Re1 Ng4 12. h3 Ne5 13. Nxe5 Bxe5 14. f4 Bg7 15. Be3 b5
16. cxb5 axb5 17. e5 Nc4 18. Nd1 Nxe3 19. Qxe3 Qb8 20. Nf2 Ra6 21. Kh2 Bc8 22.
a3 Bb7 23. Rad1 Bc8 24. Bf1 Ra8 25. Rd2 Qc7 26. Bxb5 Ba6 27. Bc6 Rab8 28. g4 Rb6
29. g5 Qb8 30. exd6 exd6 31. b4 cxb4 32. axb4 Rxb4 33. Ng4 Rb3 34. Qe7 Qb4 35.
Rf2 Qd4 36. Re3 Rxe3 37. Nxe3 Bc8 38. Kg2 f6 39. gxf6 Bxf6 40. Qxd6 Qxe3 41. Rf3
Qe2+ 42. Rf2 Qe4+ 43. Kh2 Qe3 44. Rg2 Qxh3+ 0-1

[Event "Sparkassen Open A"]
[Site "Dortmund GER"]
[Date "2011.07.31"]
[Round "9.30"]
[White "Mazarov, Juergen"]
[Black "Henkemeier, Michael"]
[Result "1/2-1/2"]
[WhiteElo "2172"]
[BlackElo "1917"]
[WhiteFideId "24617768"]
[BlackFideId "24611379"]
[EventDate "2011.07.23"]

1. e4 c6 2. d4 d5 3. Nc3 dxe4 4. Nxe4 Bf5 5. Ng3 Bg6 6. f4 e6 7. Nf3 Nd7 8. Bd3
Bd6 9. O-O Ne7 10. Bxg6 hxg6 11. Ne4 Nf6 12. Nxd6+ Qxd6 13. c3 Nf5 14. Ne5 Nd5
15. Qd3 f6 16. Nc4 Qc7 17. Bd2 Kf7 18. Rae1 Rh4 19. g3 Rh3 20. Rf2 Rah8 21. Qe4
Qe7 22. Na3 Nd6 23. Qe2 f5 24. c4 Nf6 25. Bb4 Nfe4 26. Rg2 Qd8 27. Qd3 Ne8 28.
Nb1 N8f6 29. Nd2 R8h4 30. Nxe4 Nxe4 31. Rxe4 fxe4 32. Qxe4 Rh8 33. g4 Qb6 34.
Bc3 Re8 35. Rf2 Qa6 36. f5 exf5 37. Qg2 Rxc3 38. bxc3 Qxc4 39. Qf3 Re1+ 40. Kg2
Qd5 41. gxf5 1/2-1/2

[Event "Sparkassen Open A"]
[Site "Dortmund GER"]
[Date "2011.07.31"]
[Round "9.32"]
[White "Schmidt, Kai-Uwe"]
[Black "Henrotte, Nils"]
[Result "1-0"]
[WhiteElo "2050"]
[BlackElo "1951"]
[WhiteFideId "4608755"]
[BlackFideId "12923311"]
[EventDate "2011.07.23"]

1. d4 e6 2. c4 Bb4+ 3. Bd2 Qe7 4. g3 Nf6 5. Bg2 Nc6 6. e3 e5 7. d5 Bxd2+ 8. Qxd2
Nb8 9. c5 d6 10. cxd6 cxd6 11. Na3 O-O 12. Rc1 Na6 13. Ne2 Ne8 14. e4 f5 15.
exf5 Bxf5 16. b4 Qd7 17. Nc4 Rf6 18. h3 Qf7 19. g4 Bd7 20. O-O Qe7 21. f4 b5 22.
Na5 exf4 23. Nxf4 Nec7 24. Rce1 Qf7 25. Nc6 Rf8 26. Re7 1-0

[Event "Sparkassen Open A"]
[Site "Dortmund GER"]
[Date "2011.07.31"]
[Round "9.33"]
[White "Freise, Eckhard"]
[Black "Elefteriadis, Paul-Gabriel"]
[Result "1/2-1/2"]
[WhiteElo "2032"]
[BlackElo "1905"]
[WhiteFideId "4652193"]
[BlackFideId "24626236"]
[EventDate "2011.07.23"]

1. d4 Nf6 2. c4 e6 3. Nf3 b6 4. a3 Ba6 5. e3 d5 6. b3 Bd6 7. Bd3 O-O 8. O-O Bb7
9. Qc2 Nbd7 10. Nbd2 c5 11. Bb2 Rc8 12. Rfc1 Qe7 13. Ne5 cxd4 14. exd4 h6 15.
Qd1 Ne4 16. Bxe4 dxe4 17. Qe2 Bxe5 18. dxe5 Nc5 19. b4 Nd3 20. Rc2 Nxb2 21. Rxb2
Qc7 22. f4 exf3 23. gxf3 Qd7 24. Nb3 Qc6 25. Nd2 Qd7 1/2-1/2

[Event "Sparkassen Open A"]
[Site "Dortmund GER"]
[Date "2011.07.31"]
[Round "9.36"]
[White "Baerwolf, Steven"]
[Black "Merkel, Markus"]
[Result "1/2-1/2"]
[WhiteElo "1818"]
[BlackElo "2197"]
[WhiteFideId "24658634"]
[BlackFideId "4675657"]
[EventDate "2011.07.23"]

1. e4 d6 2. d4 Nf6 3. Bd3 e5 4. c3 g6 5. Nf3 Nbd7 6. O-O Bg7 7. Bg5 O-O 8. Nbd2
b6 9. Re1 Bb7 10. Nf1 Re8 11. d5 h6 12. Bxf6 Nxf6 13. N1d2 Nh5 14. g3 Rf8 15.
Nh4 Bc8 16. Ndf3 Bg4 17. Be2 Nf6 1/2-1/2